000 00921cam a2200241 4500
001 ABS62474
008 000000n2000 000 0 eng u
035 _a(Sirsi) u106578
100 _aJohnson, D.
245 4 _aThe new contaminated land laws
260 _c2000
490 _aProperty Forecast
_v3(6) June 2000, 8-9(2)
520 _aDiscusses the new contaminated land rules under Part IIA of the Environmental Protection Act 1990, which came into force 1 April 2000. Outlines the new regime which requires local authorities to design a strategy for the inspection of areas in order to identify contaminated land.
590 _aABS
650 _aENVIRONMENTAL PROTECTION ACT 1990 PART IIA
650 _aREMEDIATION NOTICES
650 _aLOCAL AUTHORITIES
650 _aInspection
_96248
650 _aCONTAMINATED LAND
650 _aKNOWINGLY PERMIT
690 _aENVIRONMENT-CONTAMINATION
942 _n0
999 _c63817
_d63817